Оптимизация производства посредством теории ограничений; Экономика России в XXI веке; Т. 2
| Parent link: | Экономика России в XXI веке: сборник научных трудов XI Международной научно-практической конференции "Экономические науки и прикладные исследования: фундаментальные проблемы модернизации экономики России", посвященной 110-летию экономического образования в Томском политехническом университете, г. Томск, 18-22 ноября 2014 г./ Национальный исследовательский Томский политехнический университет (ТПУ) ; ред. кол. Г. А. Барышева [и др.].— , 2014 Т. 2.— 2014.— [С. 246-251] |
|---|---|
| 1. Verfasser: | |
| Körperschaft: | |
| Weitere Verfasser: | |
| Zusammenfassung: | Заглавие с титульного экрана Исследована теория ограничений Голдратта на производстве в рамках промышленного производства, улучшена модель полного цикла производства, демонстрирующая возможность повышения продуктивности выработки системы с помощью применения законов, предлагаемых теорией ограничений. Показано, что эффективное управление системой, обеспечивающей производство, возможно путем управления отдельными ее аспектами. |
| Sprache: | Russisch |
| Veröffentlicht: |
2014
|
| Schriftenreihe: | Менеджмент XXI века |
| Schlagworte: | |
| Online-Zugang: | http://www.lib.tpu.ru/fulltext/c/2014/C40/V2/051.pdf |
| Format: | Elektronisch Buchkapitel |
| KOHA link: | https://koha.lib.tpu.ru/cgi-bin/koha/opac-detail.pl?biblionumber=610379 |
MARC
| LEADER | 00000naa2a2200000 4500 | ||
|---|---|---|---|
| 001 | 610379 | ||
| 005 | 20260403085426.0 | ||
| 035 | |a (RuTPU)RU\TPU\conf\7985 | ||
| 035 | |a RU\TPU\conf\7960 | ||
| 090 | |a 610379 | ||
| 100 | |a 20150120d2014 k y0rusy50 ca | ||
| 101 | 0 | |a rus | |
| 102 | |a RU | ||
| 135 | |a drgn ---uucaa | ||
| 181 | 0 | |a i | |
| 182 | 0 | |a b | |
| 200 | 1 | |a Оптимизация производства посредством теории ограничений |f В. К. Осадчий |g науч. рук. Е. С. Акельев | |
| 203 | |a Текст |c электронный | ||
| 225 | 1 | |a Менеджмент XXI века | |
| 300 | |a Заглавие с титульного экрана | ||
| 320 | |a [Библиогр.: с. 251 (5 назв.)] | ||
| 330 | |a Исследована теория ограничений Голдратта на производстве в рамках промышленного производства, улучшена модель полного цикла производства, демонстрирующая возможность повышения продуктивности выработки системы с помощью применения законов, предлагаемых теорией ограничений. Показано, что эффективное управление системой, обеспечивающей производство, возможно путем управления отдельными ее аспектами. | ||
| 337 | |a Adobe Reader | ||
| 461 | 1 | |0 (RuTPU)RU\TPU\conf\7533 |t Экономика России в XXI веке |o сборник научных трудов XI Международной научно-практической конференции "Экономические науки и прикладные исследования: фундаментальные проблемы модернизации экономики России", посвященной 110-летию экономического образования в Томском политехническом университете, г. Томск, 18-22 ноября 2014 г. |o в 2 т. |f Национальный исследовательский Томский политехнический университет (ТПУ) ; ред. кол. Г. А. Барышева [и др.] |d 2014 | |
| 463 | 0 | |0 (RuTPU)RU\TPU\conf\7539 |t Т. 2 |v [С. 246-251] |d 2014 | |
| 610 | 1 | |a труды учёных ТПУ | |
| 610 | 1 | |a электронный ресурс | |
| 610 | 1 | |a оптимизация производства | |
| 610 | 1 | |a теория ограничений | |
| 610 | 1 | |a промышленные производства | |
| 700 | 1 | |a Осадчий |b В. К. | |
| 702 | 1 | |a Акельев |b Е. С. |c экономист |c ассистент Томского политехнического университета, кандидат экономических наук |f 1982- |g Евгений Сергеевич |4 727 | |
| 712 | 0 | 2 | |a Национальный исследовательский Томский политехнический университет (ТПУ) |b Институт социально-гуманитарных технологий (ИСГТ) |b Кафедра экономики (ЭКОН) |3 (RuTPU)RU\TPU\col\18375 |
| 801 | 2 | |a RU |b 63413507 |c 20150120 |g RCR | |
| 856 | 4 | |u http://www.lib.tpu.ru/fulltext/c/2014/C40/V2/051.pdf | |
| 942 | |c BK | ||